Cây ăn trái vùng Chợ Lách

Сохранить в:
Библиографические подробности
Главный автор: Lê Văn Bảy
Формат:
Язык:Undetermined
Опубликовано: Cần Thơ Viện Đại Học Cần Thơ - Đại Học Khoa Học 1973
Предметы:
Метки: Добавить метку
Нет меток, Требуется 1-ая метка записи!
Thư viện lưu trữ: Trung tâm Học liệu Trường Đại học Cần Thơ
LEADER 00570nam a2200181Ia 4500
001 CTU_33650
008 210402s9999 xx 000 0 und d
082 |a 583 
082 |b B112 
100 |a Lê Văn Bảy 
245 0 |a Cây ăn trái vùng Chợ Lách 
245 0 |c Lê Văn Bảy 
260 |a Cần Thơ 
260 |b Viện Đại Học Cần Thơ - Đại Học Khoa Học 
260 |c 1973 
650 |a botany,fruit trees - physiology,plant physiology 
904 |i Minh, 991104 
980 |a Trung tâm Học liệu Trường Đại học Cần Thơ